| 000 | 01012cam a22002773a 4500 | ||
|---|---|---|---|
| 001 | 685 | ||
| 003 | PGUSA | ||
| 005 | 20140828082951.0 | ||
| 008 | 961001s1996||||xxu|||||s|||||000 | eng d | ||
| 040 |
_aPGUSA _beng |
||
| 042 | _adc | ||
| 050 | 4 | _aD | |
| 100 | 1 | _aUnited States. Army. Corps of Engineers. Manhattan District | |
| 245 | 1 | 4 |
_aThe Atomic Bombings of Hiroshima and Nagasaki _h[electronic resource] / _cUnited States. Army. Corps of Engineers. Manhattan District |
| 260 |
_bProject Gutenberg, _c1996 |
||
| 500 | _aCf. Trinity Atomic Web Site: http://www.envirolink.org/issues/nuketesting/ | ||
| 506 | _aPublic domain in the USA. | ||
| 516 | _aElectronic text | ||
| 653 | _aNagasaki-shi (Japan) -- History -- Bombardment, 1945 | ||
| 653 | _aAtomic bomb -- Physiological effect | ||
| 653 | _aAtomic bomb -- Blast effect | ||
| 653 | _aHiroshima-shi (Japan) -- History -- Bombardment, 1945 | ||
| 830 | 0 |
_aProject Gutenberg _v685 |
|
| 856 | 4 | 0 | _uhttp://www.gutenberg.org/ebooks/685 |
| 942 | _cEB | ||
| 999 |
_c230036 _d230036 |
||